Chaîne de mots de 2 lettres - Statistiques

Statistiques générales
  • Ce quiz a été pris 324 fois
  • Le résultat moyen est 21 sur 30
Statistiques - réponses
Hint Réponse % Correct
negation ne
91%
nombre utilisée pour la circonférence d'un cercle pi
91%
sans vetement nu
88%
neuf en romain IX
85%
chiffre un
83%
aluminium al
82%
liaison et
80%
toi en chti ti
80%
note fa
78%
adjectif possessif sa
76%
condition si
74%
pronom personnelle on
73%
version originale VO
72%
coutumes us
70%
ancienne note ut
70%
exclamation eh
68%
arbre if
67%
cependant or
67%
hafnium Hf
65%
satellite jupiter io
65%
tellure Te
65%
petit ruisseau aménagé ru
62%
carte as
61%
contraction de 2 prépositions au
61%
connu su
61%
rayonnement UV
61%
participe passé lu
60%
il y en a 206 os
60%
syndicat (abrégé) FO
56%
chose matérielle xa
53%
Aucun quiz correspondant
Distribution des résultats
% des personnes avec chaque résultat
Percentile par nombre de réponses
Votre historique - résultats
Vous n’avez pas pris ce quiz